Ψηφιακή φωτογράφηση

Saved in:
Bibliographic Details
Corporate Authors: Δημοσιογραφικός Οργανισμός Λαμπράκη, RAM
Format: Electronic
Language:Greek
Published: Αθήνα : Δημοσιογραφικός Οργανισμός Λαμπράκη, 2002
Subjects:
Tags: Add Tag
No Tags, Be the first to tag this record!

MARC

LEADER 00000cmm a2200000 i 4500
001 1/71670
008 050216s2002 gr gre d
035 |l 10076598 
040 |a GR-MY-UA  |b gre  |e aacr 
041 0 |a gre 
082 0 |a 778.3  |2 (21η εκδ.) 
245 1 0 |a Ψηφιακή φωτογράφηση  |h [αρχείο Η/Υ] /  |c Ram 
260 |a Αθήνα :   |b Δημοσιογραφικός Οργανισμός Λαμπράκη,   |c 2002 
300 |a 1 οπτική δισκέτα λέϊζερ Η/Υ;  |c 4 3/4 ίν. 
500 |a Διανέμεται με το περιοδικό Ram, τεύχος 160, Ιούλιος-Αύγουστος 2002 
505 0 |a Η πιο εύχρηστη εφαρμογή για να γνωρίσετε την ψηφιακή φωτογραφική μηχανή, τα μυστικά της φωτογράφησης, τα αποθηκευτικά μέσα, τα κόλπα της εκτύπωσης, επίσης Bit Games, τα τελευταία δημοφιλή παιχνίδια, τα καλύτερα προγράμματα MP3 (Players, Rippers, Converters, Utilities) 
650 0 0 |a Photography  |x Digital techniques. 
650 0 0 |a Digital cameras. 
710 2 |a Δημοσιογραφικός Οργανισμός Λαμπράκη. 
710 2 |a RAM. 
852 |a INST  |b CHIOS  |c AV  |e 20050216  |h 778.3 ΨΗΦ  |p 005200022290  |q 005200022290  |t CDROM  |y 23 
901 |a BIBL2-2005-1 
909 |a Χ  |b 112715 
970 |a ΧΑΖΙΡΗ  |b ΑΝΝΑ  |z 2005/02/16